00322nam a22001217a 4500008004100000082001000041100002200051245005400073260002800127270002700155300001000182490000800192230821b ||||| |||| 00| 0 eng d aS-MAZ aMazumdar, Purnima aSelected Stories of Ravindra Nath TagorehEnglish aDelhibA.I.C.B.cRohini aA.I.C.B. Rohini, Delhi a12x13 v1-2